MARC details
| 000 -LEADER |
| fixed length control field |
01395nam a2200277 a 4500 |
| 008 - FIXED-LENGTH DATA ELEMENTS--GENERAL INFORMATION |
| fixed length control field |
100930s2009 ||||||||||||||||| || u |
| 020 ## - INTERNATIONAL STANDARD BOOK NUMBER |
| International Standard Book Number |
049555877X |
| 020 ## - INTERNATIONAL STANDARD BOOK NUMBER |
| International Standard Book Number |
0495561495 (CD-ROM) |
| 050 ## - LIBRARY OF CONGRESS CALL NUMBER |
| Classification number |
QA 401 Fir |
| 100 ## - MAIN ENTRY--PERSONAL NAME |
| Personal name |
Weir, Maurice D |
| 245 12 - TITLE STATEMENT |
| Title |
A first course in mathematical modeling.-- 4th ed. |
| Statement of responsibility, etc. |
by Frank R. Giordano...[and others] |
| 250 ## - EDITION STATEMENT |
| Edition statement |
4th ed. |
| 260 ## - PUBLICATION, DISTRIBUTION, ETC. |
| Place of publication, distribution, etc. |
Australia |
| Name of publisher, distributor, etc. |
Brooks/Cole |
| Date of publication, distribution, etc. |
2009 |
| 300 ## - PHYSICAL DESCRIPTION |
| Extent |
xix, 600p.: ill. + CD-ROM |
| 350 ## - |
| -- |
0.00 |
| 500 ## - GENERAL NOTE |
| General note |
Accompanied by a CD-ROM (see Cybrary staff) |
| 650 #0 - SUBJECT ADDED ENTRY--TOPICAL TERM |
| Topical term or geographic name entry element |
MATHEMATICS--HANDBOOKS, MANUALS, ETC |
| 650 #0 - SUBJECT ADDED ENTRY--TOPICAL TERM |
| Topical term or geographic name entry element |
MATHEMATICAL MODELS--TEXTBOOKS |
| 700 ## - ADDED ENTRY--PERSONAL NAME |
| Personal name |
Giordano, Frank R |
| 700 ## - ADDED ENTRY--PERSONAL NAME |
| Personal name |
Fox, William P |
| 700 ## - ADDED ENTRY--PERSONAL NAME |
| Personal name |
Horton, Steven B |
| 995 ## - |
| -- |
MAIN LIBRARY OPEN ACCESS |
| -- |
743550 |
| -- |
CBU-MAIN LIBRARY (Kitwe) |
| -- |
0.00 |
| -- |
QA 401 Fir |
| -- |
2 |
| -- |
AVAILABLE |
| -- |
May 16, 2013 |
| -- |
743550 |
| -- |
Main Library Open Access Collection |
| 995 ## - |
| -- |
ANNEX COLLECTION (Main Library) |
| -- |
743552 |
| -- |
CBU-MAIN LIBRARY (Kitwe) |
| -- |
0.00 |
| -- |
QA 401 Fir |
| -- |
4 |
| -- |
AVAILABLE |
| -- |
May 16, 2013 |
| -- |
743552 |
| -- |
Annex Low-Usage Collection |
| 995 ## - |
| -- |
MAIN LIBRARY OPEN ACCESS |
| -- |
0.00 |
| -- |
741733 |
| -- |
CBU-MAIN LIBRARY (Kitwe) |
| -- |
1 |
| -- |
0.00 |
| -- |
QA 401 FIR |
| -- |
1 |
| -- |
AVAILABLE |
| -- |
Oct 7, 2010 |
| -- |
741733 |
| -- |
Main Library Open Access Collection |
| 995 ## - |
| -- |
ANNEX COLLECTION (Main Library) |
| -- |
743551 |
| -- |
CBU-MAIN LIBRARY (Kitwe) |
| -- |
0.00 |
| -- |
QA 401 Fir |
| -- |
3 |
| -- |
AVAILABLE |
| -- |
May 16, 2013 |
| -- |
743551 |
| -- |
Annex Low-Usage Collection |
| 999 ## - |
| -- |
63147 |
| -- |
63147 |